000 01036nam a2200265 a 4500
001 46414
003 BD-RjUL
005 20211209054141.0
008 160802s1955 xxu 001 0 eng d
035 _a(BD-RjUL)46532
040 _aPU
_cPSt
_beng
041 _aeng
082 _a370.1
_bMOD 1955
245 0 0 _aModern philosophies and education :
_bthe fifty-fourth yearbook of the national society for the study of education /
_cedited by Nelson B. Henry.
260 _aChicago, Ill. :
_bNSSE,
_c1955.
300 _a1 V ;
_c23 cm.
490 1 _aYearbook of the National Society for the Study of Education.
_v54th, pt. 1
500 _aIncludes index
505 0 _aVol. 1 ---
650 0 _aEducation
_xPhilosophy
_9117134
700 1 _aHenry, Nelson B.
_q(Nelson Bollinger),
_d1883-1969.
_9141695
710 2 _aNational Society for the Study of Education.
_bCommittee on Philosophies of Education.
_9141696
830 0 _aYearbook of the National Society for the Study of Education.
_v54th, pt. 1
_9141698
942 _2ddc
_cBK
999 _c46414
_d46414